000 00261nam a2200109Ia 4500
008 231129s2021 xx 000 0 und d
041 _aeng
082 _a658.4
100 _akazami
245 _aStrategic Management
260 _aM.C.Grawrill
_bM.C.Grawrill
_c2021
999 _c942364
_d942364